كتاب الأهوية والمياه والبلدان / Kitāb al-ahwiyaẗ wa-al-miyāh wa-al-buldān

محفوظ في:

المؤلف الرئيسي: Abī al-ṭibb Abuqrāṭ.

مؤلفون آخرون: Šiblī Šumayyil.

التنسيق: كتاب

اللغة: Undetermined

منشور في: Al-Qāhirah matbaeat almuqtatafi 1885

الوسوم: إضافة وسم

لا توجد وسوم, كن أول من يضع وسما على هذه التسجيلة!

رقم الطلب: (R)K10 ABUQ

LEADER 00465nam a2200133Ia 4500
008 240404s9999||||xx |||||||||||||| ||und||
050 4 |a (R)K10 ABUQ 
100 1 |a Abī al-ṭibb Abuqrāṭ. 
245 1 0 |a كتاب الأهوية والمياه والبلدان / Kitāb al-ahwiyaẗ wa-al-miyāh wa-al-buldān  |c Abī al-ṭibb Abuqrāṭ 
264 1 |a Al-Qāhirah  |b matbaeat almuqtatafi  |c 1885 
300 |a 63  |c 19 
700 1 |a Šiblī Šumayyil. 
942 |2 lcc  |c BK 
999 |c 58188  |d 58188